000 00453cam a2200181ua 4500
020 _c7.50
041 _amal
_h
082 _a820
_bKAU/KA
100 _aKautilyan, .
245 _aKautilyante Arthasastram /
_cKautilyan.
_hTextual Documents
250 _a2 /
_b.
260 _aCalicut :
_bMathrubhumi Printing & Publishing Companty Ltd ,
_c1961.
300 _a922 ; .
365 _a7.50
504 _a
942 _cBK
999 _c4916
_d4916